000 01054nam a2200265Ii 4500
008 221202s xx 000 0 und d
100 1 _aHiggins, Steve,
_eauthor
245 0 _a500 ICT Tips for Primary Teachers
264 _bTaylor & Francis
_c1999
300 _a1 online resource
336 _atext
_btxt
_2rdacontent
337 _acomputer
_bc
_2rdamedia
338 _aonline resource
_bcr
_2rdacarrier
490 _a500 Tips
520 _aInformation and Communications Technology (ICT) has been the focus of much debate and development within education, especially in the primary sector. This text offers tried and tested ideas for using IT effectively across the whole primary curriculum.
653 _aFloor
653 _aKey
653 _aNational
653 _aRobots
653 _aStage
700 1 _aPickard, Nick
700 1 _aRace, Phil
856 _uhttps://docs.google.com/spreadsheets/d/1yKIrdCPDAG_9c22mwoOIO2DOhtj65Wqa/edit?usp=sharing&ouid=106555315294820607512&rtpof=true&sd=true
_yList of Curated E-Books
942 _cE-BOOK
999 _c91226
_d91223